First level subdivisions surrounding Belgium - Statistics

General Stats
  • This quiz has been taken 10 times
  • The average score is 7 of 12
Answer Stats
Hint Answer % Correct
Germany Nordrhein-Westfahlen
90%
Netherlands Zeeland
90%
Netherlands Limburg
80%
Netherlands Noord-Brabant
80%
Germany Rheinland-Pfalz
80%
France Grand Est
70%
France Hauts-de-France
70%
Luxembourg Esch-sur-Alzette
50%
Luxembourg Clervaux
20%
Luxembourg Wiltz
20%
Luxembourg Capellen
10%
Luxembourg Redange
10%
No matching quizzes found
Score Distribution
Percent of People with Each Score
Percentile by Number Answered
Your Score History
You have not taken this quiz